000 00890nam a2200241 a 4500
001 000016432
003 DO-SdBNP
005 20220922141804.0
007 ta
008 100305s1953 dr 001 0 spa d
040 _aDO-SdBNP
_bspa
_cBNPHU
082 _axxxx
_bC794f
100 _aCordero, Armando
_936629
245 1 3 _aLa filosofía de la seguridad social y su aplicación en la República Dominicana /
_cArmando Cordero ; prólogo Rafael O. Roca
260 _aCiudad Trujillo, República Dominicana, :
_bEditora Montalvo,
_c1953.
300 _a102 p. ;
_c23 cm.
500 _aIncluye referencias bibliográficas al pie de las páginas
500 _aLa biblioteca posee un ejemplar autografiado por el autor dedicándoselo a Francisco Prats Ramírez.
590 _aInventariado, 2022/ YL
700 1 2 _aRoca, Rafael O.
_eprol.
_982416
910 _aYLockward
942 _2ddc
_cLBS1
999 _c15967
_d15967